000 00757nam a2200205 i 4500
001 67599
003 ES-MaACL
005 20251003152902.0
007 t|
008 040607s1993 sp ||||1| spa d
080 _a012 Batllori, Miguel
245 0 0 _aBibliografía selecta del R. P. Miquel Batllori i Munné, S.I. /
_cintroducción y recopilación por Eduardo Ripoll Perelló.
260 _aMadrid :
_bFacultad de Geografía e Historia, Universidad Nacional de Educación a Distancia,
_c1993.
300 _a73 p. ;
_c21 cm.
600 1 4 _aBatllori, Miguel-
_xBibliografías.
_926461
700 1 _aBatllori, Miguel.
_926460
700 1 _aRipoll Perelló, Eduardo,
_d1923-2006
_997437
852 _aES-MaACL
_jL-27845
_bR.122587
999 _c67599
_d67599